Missa in G, Op. 19, No. 2 a Canto, Alto, Tenore, Basso, due Violini, due Corni con Organo /

Hlavní autor: Schiedermayr, Johann Baptist, 1779-1840
Jazyk: Latina
Vydáno: Linz : Presso Cajetan Haslinger, [1830?]
Témata:
Externí odkaz: Zobrazení hudebního incipitu
Zobrazení hudebního incipitu
Fyzický popis: 11 hlasů (5, 3, 3, 3, 3, 3, 3, 3, 2, 2, 4 s.) ; 38 cm
Hudebniny Hudebniny
Uloženo v:
LEADER 02011ncm a2200421 a 4500
001 000890840
003 CZ BrMZK
005 20140602152508.0
007 qu
008 080327s1830 au mszeg lat d
028 2 0 |b Cajetan Haslinger 
031 |a 01  |b 01  |c 01  |d Andante con moto  |m vl 1  |g G-2  |n xF  |o c/  |p '4DGFnF/{8xDEnFE}4E{''8C'A}/{GF}4FFF/  |r G  |2 pe 
031 |a 01  |b 01  |c 02  |d Andante con moto  |m S  |g C-1  |n xF  |o c/  |p =8/'4.D8G4FnF/{8xDEnFE}4E-/-8FF4FF/GAB-/  |r G  |t Kyrie eleison  |2 pe 
040 |a BOA001  |b cze 
048 |a ca01  |a sa02  |a ba02  |a kb01 
072 7 |a 783  |x Církevní hudba. Duchovní hudba. Náboženská hudba  |2 Konspekt  |9 9 
080 |a 783.21:78.087.684  |2 MRF 
080 |a 78.087  |2 MRF 
080 |a (0.068)78  |2 MRF 
100 1 |a Schiedermayr, Johann Baptist,  |d 1779-1840  |7 jn20010601199  |4 cmp 
240 1 0 |a Mše,  |m smíšený sbor, housle(2), lesní rohy(2), varhany,  |n op. 19, č. 2,  |r G dur 
245 1 0 |a Missa in G, Op. 19, No. 2  |h [hudebnina] :  |b a Canto, Alto, Tenore, Basso, due Violini, due Corni con Organo /  |c comp. dal Giov. Bapt. Schiedermayr 
260 |a Linz :  |b Presso Cajetan Haslinger,  |c [1830?] 
300 |a 11 hlasů (5, 3, 3, 3, 3, 3, 3, 3, 2, 2, 4 s.) ;  |c 38 cm 
500 |a Tisk vtlačenou plotnou 
500 |a Party sopránu, basu a varhan jsou doplněny rukopisnou verzí. 
650 0 7 |a mše (smíšený sbor, komorní orchestr, varhany)  |7 ph334673  |2 czenas 
655 7 |a hlasy  |7 fd186703  |2 czenas 
655 7 |a hudební staré tisky  |7 fd278470  |2 czenas 
856 4 1 |u http://audioserver.mzk.cz/incipity/png/000890840_01_01_01.png  |y Zobrazení hudebního incipitu 
856 4 1 |u http://audioserver.mzk.cz/incipity/png/000890840_01_01_02.png  |y Zobrazení hudebního incipitu 
910 |a BOA001  |b STMus4-0533.413 
978 |a Haslinger  |b Cajetan  |c Linz  |f 1830 
984 |a Linec  |b Rakousko 
990 |a MU 
993 |a Y 
991 |b 200803 
996 6 |b 2619284178  |c STMus4-0533.413  |l Stud. starých tisků/4.patro  |r Sklad / do násl. otevíracího dne  |n 1  |w 000890840  |u 000010  |a 1  |e BOA001  |j MZK50  |s P